Southville International School and Colleges
Your cart is empty.
  • Cart
  • Lists
    Public lists list_1 View all
    Your lists Log in to create your own lists
  • Log in to your account
  • Your cookies
  • Search history
Southville International School and Colleges
  • Advanced search
  • Recent comments
  • Most popular
  • Libraries

Log in to your account

Log in with GOOGLE


If you do not have an external account, but do have a local account, you can still log in:

  1. Home
  2. MARC view: Abnormal psychology :
Normal view MARC view ISBD view

Abnormal psychology : (Record no. 39758)

[ view plain ]
MARC details
000 -LEADER
fixed length control field 00593nam a2200217 a 4500
005 - DATE AND TIME OF LATEST TRANSACTION
control field 20140311163042.0
008 - FIXED-LENGTH DATA ELEMENTS--GENERAL INFORMATION
fixed length control field 120627s19uu xx 00 eng d
020 ## - INTERNATIONAL STANDARD BOOK NUMBER
International Standard Book Number 9780205778546
050 ## - LIBRARY OF CONGRESS CALL NUMBER
Classification number RC 454
Item number .B983 2011
100 ## - MAIN ENTRY--PERSONAL NAME
Personal name Butcher, James N.
245 ## - TITLE STATEMENT
Title Abnormal psychology :
Remainder of title core concepts. /
Statement of responsibility, etc James N. Butcher.
250 ## - EDITION STATEMENT
Edition statement 2nd
260 ## - PUBLICATION, DISTRIBUTION, ETC. (IMPRINT)
Place of publication, distribution, etc Boston :
Name of publisher, distributor, etc Pearson,
Date of publication, distribution, etc 2011.
300 ## - PHYSICAL DESCRIPTION
Extent 494 p. :
Other physical details ill. col. ;
Dimensions 26 cm.
521 ## - TARGET AUDIENCE NOTE
Target audience note
650 ## - SUBJECT ADDED ENTRY--TOPICAL TERM
Topical term or geographic name as entry element Psychology, Abnormal
700 ## - ADDED ENTRY--PERSONAL NAME
Personal name Mineka, Susan
700 ## - ADDED ENTRY--PERSONAL NAME
Personal name Hooley, Jill M.
942 ## - ADDED ENTRY ELEMENTS (KOHA)
Koha item type Books
Source of classification or shelving scheme Library of Congress Classification
Call number prefix Foreign
Holdings
Withdrawn status Lost status Source of classification or shelving scheme Damaged status Home library Current library Shelving location Date acquired Source of acquisition Cost, normal purchase price Total Checkouts Total Renewals Full call number Barcode Date last seen Date checked out Copy number Price effective from Koha item type
    Library of Congress Classification   College Library College Library General Circulation Section 06/27/2012 Donation 9486.00 4 12 RC 454 .B983 2011 C15019 02/20/2020 01/18/2020 1 10/18/2013 Books

Abnormal psychology :

APA

Butcher J. N., Mineka S. & Hooley J. M. (2011). Abnormal psychology. Boston: Pearson.

Chicago

Butcher James N, Mineka Susan and Hooley Jill M. 2011. Abnormal psychology. Boston: Pearson.

Harvard

Butcher J. N., Mineka S. and Hooley J. M. (2011). Abnormal psychology. Boston: Pearson.

MLA

Butcher James N, Mineka Susan and Hooley Jill M. Abnormal psychology. Boston: Pearson. 2011.

  • Place hold
  • Print
  • Cite
  • Add to your cart (remove)
  • Save record
    BIBTEX Dublin Core MARCXML MARC (non-Unicode/MARC-8) MARC (Unicode/UTF-8) MARC (Unicode/UTF-8, Standard) MODS (XML) RIS
  • More searches
    Search for this title in:
    Other Libraries (WorldCat) Other Databases (Google Scholar) Online Stores (Bookfinder.com) Open Library (openlibrary.org)

Exporting to Dublin Core...

SOUTHVILLE LIBRARY

Southville International School and Colleges Library

1281 Tropical Ave. Cor. Luxembourg St., BF Homes International, Las Pinas City

Tel. No. 8256374 / 252358 Loc. 117/146

Powered by Koha